[Event "Santo Domingo Provincial-ch"]
[Site "Santo Domingo"]
[Date "2018.11.24"]
[Round "3"]
[White "Moore Guzman, Fernando Augusto"]
[Black "Crispin Ferreras, Darvi Abraham"]
[Result "0-1"]
[WhiteElo "1914"]
[BlackElo "2173"]
[PlyCount "96"]
[EventDate "2018.11.23"]
[EventType "swiss"]
[EventRounds "7"]
[EventCountry "DOM"]
[SourceTitle "CBM 187 Extra"]
[Source "ChessBase"]
[SourceDate "2018.11.04"]
[SourceVersion "1"]
[SourceVersionDate "2018.11.04"]
[SourceQuality "1"]

1. f4 d5 2. e3 c5 3. Nf3 d4 4. e4 Qc7 5. Bb5+ Bd7 6. Bxd7+ Nxd7 7. d3 e5 8. fxe5 Nxe5 9. Nxe5 Qxe5 10. 0-0 Nf6 11. Bf4 Qh5 12. Qxh5 Nxh5 13. Na3 0-0-0 14. Bg5 Rd7 15. Nc4 h6 16. Bh4 g5 17. Be1 Bg7 18. Rf5 b6 19. Bd2 Re8 20. Raf1 Nf6 21. e5 Ng4 22. Nd6+ Kd8 23. Nxe8 Kxe8 24. h3 Nxe5 25. Be1 Nc6 26. a3 Be5 27. h4 f6 28. hxg5 hxg5 29. Bd2 Ne7 30. R5f3 g4 31. R3f2 Nd5 32. Re2 Re7 33. Rfe1 Kf7 34. c3 Rd7 35. c4 Nf4 36. Bxf4 Bxf4 37. Kf2 Be3+ 38. Kg3 f5 39. Rh1 Kg6 40. Rh8 Rg7 41. Rd8 Kg5 42. Rd5 Kf6 43. Rxe3 dxe3 44. Kf4 Re7 45. Rxf5+ Kg7 46. Rg5+ Kf8 47. Rh5 e2 48. Rh8+ Kg7 0-1

[Event "DOM-ch"]
[Site "Santo Domingo"]
[Date "2018.04.20"]
[Round "1"]
[White "Moore Guzman, Fernando Augusto"]
[Black "Ferreira Fernandez, Sergio"]
[Result "0-1"]
[WhiteElo "1976"]
[BlackElo "2153"]
[PlyCount "35"]
[EventDate "2018.04.20"]
[EventType "swiss"]
[EventRounds "11"]
[EventCountry "DOM"]
[SourceTitle "CBM 184 Extra"]
[Source "ChessBase"]
[SourceDate "2018.06.28"]
[SourceVersion "1"]
[SourceVersionDate "2018.06.28"]
[SourceQuality "1"]

1. c4 Nf6 2. Nc3 g6 3. g3 Bg7 4. Bg2 0-0 5. d4 d6 6. e3 e5 7. Nge2 c6 8. 0-0 Re8 9. b3 e4 10. h3 h5 11. Bb2 Bf5 12. Nf4 Nbd7 13. b4 Nb6 14. Qe2 d5 15. cxd5 cxd5 16. a4 Rc8 17. Rac1 Bd7 18. b5 0-1

[Event "DOM-ch"]
[Site "Santo Domingo"]
[Date "2017.04.29"]
[Round "6"]
[White "Moore Guzman, Fernando Augusto"]
[Black "Reyes Perez, Eury Luis"]
[Result "0-1"]
[WhiteElo "2033"]
[BlackElo "1895"]
[PlyCount "50"]
[EventDate "2017.04.21"]
[EventType "swiss"]
[EventRounds "11"]
[EventCountry "DOM"]
[SourceTitle "CBM 178 Extra"]
[Source "ChessBase"]
[SourceDate "2017.06.22"]
[SourceVersion "1"]
[SourceVersionDate "2017.06.22"]
[SourceQuality "1"]

1. c4 Nf6 2. Nc3 e6 3. Nf3 b6 4. d4 Bb4 5. Bg5 h6 6. Bxf6 Bxc3+ 7. bxc3 Qxf6 8. e4 0-0 9. Bd3 Nc6 10. 0-0 e5 11. d5 Na5 12. Qa4 d6 13. Rfe1 g5 14. Re3 Kg7 15. Qd1 Ba6 16. Qe2 Rh8 17. h3 Rag8 18. Nh2 Bc8 19. Ng4 Qg6 20. Rf3 Bxg4 21. hxg4 Nb7 22. Rh3 Nc5 23. Bc2 Rh7 24. g3 Rgh8 25. Kg2 a5 0-1

[Event "DOM-ch"]
[Site "Santo Domingo"]
[Date "2016.04.09"]
[Round "7"]
[White "Moore Guzman, Fernando Augusto"]
[Black "Lorenzo De Los Santos, Luis L"]
[Result "1-0"]
[WhiteElo "2011"]
[BlackElo "2134"]
[PlyCount "55"]
[EventDate "2016.04.01"]
[EventType "swiss"]
[EventRounds "11"]
[EventCountry "DOM"]
[SourceTitle "CBM 171 Extra"]
[Source "ChessBase"]
[SourceDate "2016.04.26"]
[SourceVersion "1"]
[SourceVersionDate "2016.04.26"]
[SourceQuality "1"]

1. c4 e5 2. Nc3 d6 3. Nf3 Nf6 4. d4 Nbd7 5. e3 Be7 6. Bd3 0-0 7. 0-0 Re8 8. b3 Bf8 9. Qc2 g6 10. Bb2 Bg7 11. Rfd1 c6 12. Ba3 Qc7 13. Ng5 Bf8 14. h3 Qa5 15. Bc1 Bg7 16. a3 Qc7 17. f4 exd4 18. exd4 Nh5 19. Nf3 Nf8 20. g4 Nf6 21. f5 gxf5 22. gxf5 h6 23. Qg2 Kh7 24. Qg3 Qd8 25. Kh1 N8d7 26. Qh4 Rh8 27. Rg1 Qb6 28. Bxh6 1-0

[Event "DOM-ch"]
[Site "Santo Domingo"]
[Date "2016.04.08"]
[Round "5"]
[White "Guzman, Christopher"]
[Black "Moore Guzman, Fernando Augusto"]
[Result "1-0"]
[WhiteElo "2272"]
[BlackElo "2011"]
[PlyCount "67"]
[EventDate "2016.04.01"]
[EventType "swiss"]
[EventRounds "11"]
[EventCountry "DOM"]
[SourceTitle "CBM 171 Extra"]
[Source "ChessBase"]
[SourceDate "2016.04.26"]
[SourceVersion "1"]
[SourceVersionDate "2016.04.26"]
[SourceQuality "1"]

1. e4 c6 2. d4 d5 3. exd5 cxd5 4. Bd3 Nf6 5. c3 Nc6 6. Bf4 e6 7. Nf3 Bd6 8. Bg5 h6 9. Bh4 Bd7 10. Nbd2 Qc7 11. 0-0 0-0 12. Re1 Rfe8 13. Nf1 e5 14. dxe5 Nxe5 15. Bxf6 gxf6 16. Ne3 Be6 17. h3 Ng6 18. Nd4 Nf4 19. Ndf5 Bxf5 20. Bxf5 Re5 21. Qg4+ Ng6 22. h4 Kh8 23. Bxg6 fxg6 24. Qxg6 Qg7 25. Qxg7+ Kxg7 26. Rad1 Rae8 27. Kf1 Rh5 28. g4 Rhe5 29. Nf5+ Rxf5 30. gxf5 Rc8 31. Rxd5 Rc6 32. Re6 Bf8 33. Rxc6 bxc6 34. Rd7+ 1-0

[Event "DOM-ch"]
[Site "Santo Domingo"]
[Date "2015.05.08"]
[Round "5"]
[White "Moore Guzman, Fernando Augusto"]
[Black "Brito Rondon, Enmanuel De Jesus"]
[Result "0-1"]
[WhiteElo "2046"]
[BlackElo "1962"]
[PlyCount "86"]
[EventDate "2015.05.01"]
[EventType "swiss"]
[EventRounds "11"]
[EventCountry "DOM"]
[SourceTitle "CBM 166 Extra"]
[Source "ChessBase"]
[SourceDate "2015.06.18"]
[SourceVersion "1"]
[SourceVersionDate "2015.06.18"]
[SourceQuality "1"]

1. c4 Nf6 2. Nc3 g6 3. d4 Bg7 4. e4 0-0 5. Be3 d6 6. f3 Nbd7 7. Qd2 Re8 8. Bd3 c5 9. d5 a6 10. Nge2 Ne5 11. h3 b5 12. cxb5 c4 13. Bc2 axb5 14. Nxb5 Ba6 15. Nbc3 Nfd7 16. f4 Nd3+ 17. Bxd3 cxd3 18. Nd4 Qa5 19. 0-0 Nc5 20. Rab1 Qb6 21. Nf3 Qb4 22. e5 Ne4 23. Nxe4 Qxe4 24. Bd4 Qxd5 25. a3 dxe5 26. Bxe5 f6 27. Bd4 e5 28. fxe5 fxe5 29. Be3 e4 30. Nh2 Rac8 31. Rbc1 h5 32. b4 Qb3 33. Rc5 Rxc5 34. bxc5 Qxa3 35. g4 Qc3 36. Re1 Qxd2 37. Bxd2 Bd4+ 38. Kg2 h4 39. Nf1 Bxc5 40. Rc1 e3 41. Nxe3 Rxe3 42. Bxe3 Bxe3 43. Rc6 Bb7 0-1

[Event "DOM-ch"]
[Site "Santo Domingo"]
[Date "2010.04.25"]
[Round "11"]
[White "Moore Guzman, Fernando Augusto"]
[Black "Jaquez, Juan Manuel"]
[Result "0-1"]
[WhiteElo "2121"]
[BlackElo "2162"]
[PlyCount "94"]
[EventDate "2010.04.09"]
[EventType "swiss"]
[EventRounds "11"]
[EventCountry "DOM"]
[SourceTitle "EXT 2012"]
[Source "ChessBase"]
[SourceDate "2011.11.24"]
[SourceVersion "1"]
[SourceVersionDate "2011.11.24"]
[SourceQuality "1"]

1. c4 Nf6 2. Nc3 e5 3. Nf3 d6 4. d4 Nbd7 5. g3 Be7 6. Bg2 0-0 7. 0-0 c6 8. b3 Re8 9. Bb2 Bf8 10. e4 exd4 11. Nxd4 Nc5 12. f3 a5 13. Qd2 Qb6 14. Kh1 Bd7 15. Nd1 a4 16. b4 a3 17. Bc1 Ne6 18. Nc2 Nc7 19. Bxa3 Be6 20. Nde3 Qa6 21. Qc3 d5 22. Qe5 Rac8 23. cxd5 cxd5 24. Bb2 Bh3 25. Qg5 Bxg2+ 26. Kxg2 Ne6 27. Qf5 g6 28. Qh3 Nh5 29. Qg4 Qd3 30. exd5 f5 31. Nxf5 Rxc2+ 32. Kh3 Qxf5 33. Qxf5 gxf5 34. Rab1 Ng5+ 35. Kh4 Rxh2+ 36. Kxg5 Be7+ 37. Kxf5 Nxg3+ 38. Ke6 Nxf1 39. Kd7 Kf7 40. Be5 Rd8+ 41. Kc7 Rc2+ 42. Kxb7 Rxd5 43. f4 Nd2 44. Ra1 Bxb4 45. a4 Nc4 46. Rb1 Na5+ 47. Ka6 Rc6+ 0-1